000 00614nam a2200229Ia 4500
003 OSt
005 20220924145734.0
006 a|||||r|||| 00| 0
007 ta
008 220923b |||||||| |||| 00| 0 tel d
024 _a330012
037 _cTextual
040 _aARTS
_cARTS
_btel
041 _2tel
_atel
082 _aO15,1D40,2:g, 35L0
100 _aThiruvengalacharyulu Au.
_9220449
245 0 _aKumava sambhava tatvamu
260 _c1970
650 _aSANSKRIT LITERATURE
942 _hO15,1D40,2:g, 35L0
_cTEXL
_2CC
999 _c461000
_d461000